Cities with more than 20 million people on the Map - Statistics

General Stats
  • This quiz has been taken 1,073 times
  • The average score is 12 of 13
Answers on the Map
Answers color-coded by a green-red scale on the quiz's map according to % correct below.
 
Answer Stats
City % Correct
Mexico City
99%
New York
99%
Tokyo
98%
Beijing
96%
Delhi
96%
Seoul
96%
Jakarta
94%
Shanghai
94%
Manila
93%
Mumbai
93%
Sao Paulo
91%
Guangzhou
79%
Karachi
79%
No matching quizzes found
Score Distribution
Percent of People with Each Score
Percentile by Number Answered
Your Score History
You have not taken this quiz